000 01270cab a22002655a 4500
001 L145911
008 081121s2008 xxko f 000 0 eng d
035 _a(Sirsi) u145911
041 0 _aeng
245 0 0 _aListed buildings need very careful management
260 _c2008
490 _aThe Estate Agent
_vNovember 2008, 32-35(4)
520 _aArticle looks at the management of listed buildings, with specific advice provided by a firm of Chartered Surveyors experienced in this area. Provides a useful checklist for those seeking to carry out repairs or alternations to listed properties, as well as guidance on conservation areas and a range of relevant legislation.
590 _aKA
650 2 4 _aPLANNING (LISTED BUILDINGS AND CONSERVATION AREAS) ACT 1990
650 2 4 _aPLANNING (LISTED BUILDINGS AND CONSERVATION AREAS) (SCOTLAND) ACT 1997
650 2 4 _aPLANNING POLICY GUIDANCE 15 (PLANNING AND THE HISTORIC ENVIRONMENT)
650 2 4 _aSHIMIZU V WESTMINSTER CC
650 2 4 _aTOWN AND COUNTRY PLANNING ACT 1990
650 2 4 _aTOWN AND COUNTRY PLANNING (SCOTLAND) ACT 1997
651 4 _aEngland and Wales
_y1543-
651 4 _aScotland
_y1999-
690 _aENVIRONMENTAL AND LAND CONSULTANCY-PLANNING AND DEVELOPMENT-DEVELOPMENT CONTROL
942 _n0
999 _c80976
_d80976